000 01483nam a2200241Ia 4500
003 Ost
005 20260507075202.0
008 260507s9999||||xx |||||||||||||| ||und||
020 _a37249999579
040 _cfsecg
041 _aara
082 _a330
100 _aجلدة، سليم بطرس
_eمؤلف
245 0 _aالاستراتيجيات الحديثة لإدارة الازمات في ظل عالم متغير /
_c سليم بطرس جلدة
260 _aعمان:
_bدار الراية,
_c2007
300 _a219 صفحة؛
_bإيضاحات ؛
_c24 سم
504 _aمراجع ص.217
520 _aمفاهيم أساسية في إدارة الأزمات ، المداخل المختلفة لدراسة الازمات و فريق إدارة الأزمات ، فوائد الازمة و استراتيجيات مواجهة الأزمات ، القرار و دوره في غدارة الازمات ، ضغوط العمل ، التفاوض و إدارة الازمات ، العلاقات العامة و ادارة الازمات ، إدارة الازمات في المدارس و الجامعات ، إدارة البيئة و إدارة الازمات ، إدارة الأزمات في بورصات الأوراق المالية ، تطبيق و إدارة الأزمات في مجال العمليات الالكترونية .
653 _aإدارة- أزمات
653 _aالإدارة العامة
653 _aالأزمات
942 _cكتاب
999 _c43408
_d43408